000 00306nam a2200133Ia 4500
008 100328s9999 xx 000 0 und d
082 _b71033
100 _aRollins James
245 _aThe Judas Strain
260 _bHarper.
630 _aThe Judas Strain
730 _aThe Judas Strain
942 _cBOOK
999 _c556757
_d556754